En busca del tiempo perdido
Uloženo v:
| Hlavní autor: | |
|---|---|
| Médium: | Kniha |
| Jazyk: | španělština |
| Vydáno: |
Madrid
Alianza
1981
|
| Vydání: | 8a. ed |
| Edice: | El Libro de Bolsillo. Sección Literatura
|
| Témata: | |
| Tagy: |
Přidat tag
Žádné tagy, Buďte první, kdo vytvoří štítek k tomuto záznamu!
|
MARC
| LEADER | 00000nam a2200000 a 4500 | ||
|---|---|---|---|
| 001 | UCQ0732 | ||
| 003 | CL-VaPUC | ||
| 008 | 980703e19810000SP |||||||||||||||||spa|d | ||
| 082 | 0 | 4 | |a 843 |b PRO |2 21 |
| 100 | 0 | |a Proust, Marcel |e author |9 316221 | |
| 245 | 1 | 0 | |a En busca del tiempo perdido |
| 250 | |a 8a. ed | ||
| 300 | |a v | ||
| 942 | |c BK | ||
| 945 | |d 19980703 00:00:00 |a lriquelm | ||
| 260 | |a Madrid |b Alianza |c 1981 | ||
| 500 | |a v.1: Por el camino de Swann | ||
| 500 | |a v.3: El mundo de Guermantes | ||
| 500 | |a v.4: Sodoma y Gomorra | ||
| 500 | |a v.5: La prisionera | ||
| 500 | |a v.6: La fugitiva | ||
| 500 | |a v.7: El tiempo recobrado | ||
| 650 | 0 | |a Novela francesa |9 264985 | |
| 650 | 0 | |a Literatura francesa |9 266330 | |
| 583 | |a last modification |c 19980703 00:00:00 |k Rodrigo Vera | ||
| 490 | 0 | |a El Libro de Bolsillo. Sección Literatura | |
| 999 | |c 271768 |d 271766 | ||
| 952 | |0 0 |1 0 |4 0 |6 843_000000000000000_PRO_1981 |7 0 |8 A |9 306524 |a BIBEDU |b BIBEDU |d 2019-11-20 |h v.2 |i 1425757 |o 843 PRO 1981 |p 1425757 |r 2019-11-20 |w 2019-11-20 |y BK |k LIT | ||